|
|
|
|
| LEADER |
00000naa2a2200000 4500 |
| 001 |
484210 |
| 005 |
20231225162029.0 |
| 035 |
|
|
|a (RuTPU)RU\TPU\prd\151837
|
| 035 |
|
|
|a RU\TPU\prd\151827
|
| 090 |
|
|
|a 484210
|
| 100 |
|
|
|a 20120918a1985 k y0rusy50 ca
|
| 101 |
0 |
|
|a rus
|
| 102 |
|
|
|a RU
|
| 200 |
1 |
|
|a Наблюдение позитрониевых состояний в полупроводниках, облученных сильноточными пучками электронов и протонов
|f К. П. Арефьев [и др.]
|
| 320 |
|
|
|a Библиогр.: с. 2694-2695 (10 назв.)
|
| 461 |
|
0 |
|0 (RuTPU)RU\TPU\prd\409
|t Физика твердого тела
|d 1959-
|
| 463 |
|
1 |
|0 (RuTPU)RU\TPU\prd\79918
|t Т. 27, № 9
|v С. 2691-2695
|d 1985
|
| 610 |
1 |
|
|a труды учёных ТПУ
|
| 701 |
|
1 |
|a Арефьев
|b К. П.
|c физик
|c профессор Томского политехнического университета, доктор физико-математических наук
|c член-корреспондент РАЕН
|f 1947-
|g Константин Петрович
|3 (RuTPU)RU\TPU\pers\19765
|4 070
|9 7703
|
| 701 |
|
1 |
|a Воробьев
|b С. А.
|c российский ученый, физик
|c старший научный сотрудник НИИ ядерной физики Томского политехнического университета
|f 1944-1992
|g Сергей Александрович
|3 (RuTPU)RU\TPU\pers\19776
|4 070
|
| 701 |
|
1 |
|a Лопатин
|b В. В.
|c электрофизик
|c доктор физико-математических наук, профессор Томского политехнического университета, заместитель директора по научной работе ИФВТ ТПУ
|f 1947-
|g Владимир Васильевич
|3 (RuTPU)RU\TPU\pers\20662
|
| 701 |
|
1 |
|a Погребняк
|b А. Д.
|
| 701 |
|
1 |
|a Разов
|b В. И.
|
| 701 |
|
1 |
|a Руднев
|b А. С.
|
| 801 |
|
1 |
|a RU
|b 63413507
|c 20120917
|
| 801 |
|
2 |
|a RU
|b 63413507
|c 20121017
|g RCR
|
| 942 |
|
|
|c BK
|